| 000 | 00540nam a22001697a 4500 | ||
|---|---|---|---|
| 005 | 20180828123454.0 | ||
| 020 | _c205.00 | ||
| 035 | _aB-44815, B-044826 | ||
| 082 | _a000 | ||
| 100 | _aJain | ||
| 245 |
_aUpkar's national defence academy examination / _cby Jain and Gupta |
||
| 260 |
_aAgra _bUpkar prakashan _c2002 |
||
| 300 |
_aVarious paging; _c24x18 cm(pbk) |
||
| 700 |
_aGupta _924452 |
||
| 942 |
_2ddc _cEN _mJAI _h000 |
||
| 999 |
_c60917 _d60917 |
||